| 000 | 00492nam a2200157 i 4500 | ||
|---|---|---|---|
| 001 | 96778 | ||
| 003 | ES-MaACL | ||
| 007 | t| | ||
| 008 | 050630s1972 sp ||||1| spa d | ||
| 100 | 1 |
_aManetti, Orlando. _975992 |
|
| 245 | 1 | 0 |
_aCría del faisán / _cOrlando Manetti; versión de Gonzalo Díaz Rodríguez-Ponga. |
| 260 |
_aMadrid : _bMundi-Prensa, _c1972. |
||
| 300 |
_a181 p. : _bil. ; _c22 cm. |
||
| 700 | 1 |
_aDíaz Rodríguez-Ponga, Gonzalo. _944413 |
|
| 852 |
_aES-MaACL _jE-7283 _bR.91802 |
||
| 999 |
_c96778 _d96778 |
||